000
00335 a2200145 4500
001
181650
020
_a
040
_c
Magnum
100
_a
Oliveira, Santos de
240
1
0
_a
A inspetora e o piano maluco
_l
por
245
1
0
_a
A inspetora e o piano maluco
362
0
_a
1899
697
_a
MAGNITO: IJ/AVENTURA, CRIANCAS
942
_c
BK
999
_c
181650
_d
181650